A Textbook of Information Communication Technology-IX (Record no. 10942)

MARC details
000 -LEADER
fixed length control field 00294nam a22000977a 4500
008 - FIXED-LENGTH DATA ELEMENTS--GENERAL INFORMATION
fixed length control field 180412b ||||| |||| 00| 0 eng d
020 ## - INTERNATIONAL STANDARD BOOK NUMBER
International Standard Book Number 978818389895316
100 ## - MAIN ENTRY--PERSONAL NAME
Personal name Sahini Monica
9 (RLIN) 6746
245 ## - TITLE STATEMENT
Title A Textbook of Information Communication Technology-IX
260 ## - PUBLICATION, DISTRIBUTION, ETC. (IMPRINT)
Place of publication, distribution, etc. New Delhi
Name of publisher, distributor, etc. Goyal Brothers
Date of publication, distribution, etc. 2014
Holdings
Withdrawn status Lost status Source of classification or shelving scheme Damaged status Koha normalized classification for sorting Not for loan Home library Current library Shelving location Date acquired Total Checkouts Full call number Barcode Date last seen Price effective from Koha item type Date last checked out
    Dewey Decimal Classification   SAH_005_130000000000000_D10   Good Samaritan School Library Good Samaritan School Library Computer Science 04/12/2018   SAH005.13 D-10 SAH14960 04/12/2018 04/12/2018 BOOK  
    Dewey Decimal Classification   SAH_005_130000000000000_D10   Good Samaritan School Library Good Samaritan School Library Computer Science 04/12/2018 2 SAH005.13 D-10 SAH14961 02/06/2019 04/12/2018 BOOK 01/30/2019

Powered by Koha